000
00249nam a22001097a 4500
082
_a
355.02 CLA'P
100
_a
CLAUSEQITZ, LARL VAN
_9
77741
245
_a
PRINCIPLES OF WAR
260
_a
PENNSYLVANIA
_b
STRACPOLE
_c
1960
300
_a
82P
942
_c
BK
999
_c
582957
_d
582957